000 00516nam a2200169 a 4500
001 000029622
005 20200930055702.0
008 110419s198? dr ac 000 0 spa d
040 _aDO-SdBNP
_bspa
_cBNPHU
082 _axxxx
_bP964a
245 0 0 _aProducción apícola.
260 _aSanto Domingo :
_bFunadción de Desarrollo Agropecuario :,
_c[198?].
300 _a60 p. ;
_c28 cm.
490 1 _aGuía técnica
_v2 .
_aPecuaria
504 _aBibliogarfía: p. 59-60
830 0 _aGuía técnica
_v2 .
_pPecuaria
_956440
999 _c29114
_d29114